Andersen's boulevard / (Record no. 128028)

MARC details
000 -LEADER
campo de control de longitud fija 00647nam a2200217 4500
001 - NÚMERO DE CONTROL
campo de control 128028
003 - IDENTIFICADOR DE NÚMERO DE CONTROL
campo de control ES-MaACL
005 - FECHA Y HORA DE LA ÚLTIMA TRANSACCIÓN
campo de control 20240526062940.0
007 - CAMPO FIJO DE DESCRIPCIÓN FÍSICA--INFORMACIÓN GENERAL
campo de control de longitud fija t|
008 - DATOS DE LONGITUD FIJA--INFORMACIÓN GENERAL
campo de control de longitud fija 070214s1982 sp r ||||1| spa d
100 0# - ENTRADA PRINCIPAL--NOMBRE DE PERSONA
Nombre de persona Riosalido, Jesús,
Fechas asociadas al nombre 1937-
9 (RLIN) 97407
245 10 - MENCIÓN DEL TÍTULO
Título Andersen's boulevard /
Mención de responsabilidad, etc. Jesús Riosalido.
250 ## - MENCION DE EDICION
Mención de edición 1ª. ed.
260 ## - PUBLICACIÓN, DISTRIBUCIÓN, ETC.
Lugar de publicación, distribución, etc. Granada :
Nombre del editor, distribuidor, etc. Diputación Provincial,
Fecha de publicación, distribución, etc. 1982.
300 ## - DESCRIPCIÓN FÍSICA
Extensión 124 p. ;
Dimensiones 21 cm.
490 1# - MENCIÓN DE SERIE
Mención de serie Genil ;
Designación de volumen o secuencia 16
710 1# - ENTRADA AGREGADA--NOMBRE DE ENTIDAD CORPORATIVA
Nombre de entidad corporativa o nombre de jurisdicción como elemento de entrada Granada (Provincia).
Unidad subordinada Diputación Provincial.
9 (RLIN) 4488
830 0# - PUNTO DE ACCESO ADICIONAL DE SERIE-TÍTULO UNIFORME
Título uniforme Genil ;
Designación de volumen o secuencia 16
9 (RLIN) 219233
852 ## - LOCALIZACIÓN
Ubicación ES-MaACL
Número de control de estantería L-4995
Sublocalización o colección R.105366
Holdings
Estatus retirado Estado de pérdida Estado de daño No para préstamo Biblioteca de origen Biblioteca actual Ubicación en estantería Fecha de adquisición Fuente de adquisición Total de préstamos Signatura topográfica completa Código de barras Visto por última vez Precio de reemplazo Tipo de ítem Koha
        Biblioteca del Ateneo de Madrid Biblioteca del Ateneo de Madrid Depósito 2 17/01/2008     L-4995 1133343 23/02/2023 23/02/2023 Libro impreso